Logo BPK

Bibliografia Prac Pracowników

Politechniki Koszalińskiej

Szum elektrochemiczny jako narzędzie do monitoringu szybkości korozji / (Rekord nr 3377)

Szczegóły MARC
000 -ETYKIETA REKORDU
podpole kontrolne o stałej długości 01411naa a2200253 i 4500
001 - NUMER KONTROLNY REKORDU
podpole kontrolne 3377
003 - IDENTYFIKATOR NUMERU KONTROLNEGO REKORDU
podpole kontrolne KOSZ 005
005 - DATA OSTATNIEJ MODYFIKACJI REKORDU
podpole kontrolne 20180214093837.0
008 - POLE O STAŁEJ DŁUGOŚCI - DANE KONTROLNE
podpole kontrolne o stałej długości 150603s2005 pl f |100 0 pol
040 ## - ŹRÓDŁO KATALOGOWANIA
Instytucja, która utworzyła rekord BPK
Instytucja, która dokonała modyfikacji KOSZ 005/EG
080 ## - UNIWERSALNA KLASYFIKACJA DZIESIĘTNA - UKD
UKD 620.193
100 1# - NAZWA OSOBOWA
Nazwa osobowa HRYNIEWICZ, Tadeusz.
Lata pracy 1996 - .
Instytucja Politechnika Koszalińska - Wydział Mechaniczny,
Wydział Katedra Elektrotechniki i Elektrochemii
245 10 - TYTUŁ/ODPOWIEDZIALNOŚĆ
Tytuł Szum elektrochemiczny jako narzędzie do monitoringu szybkości korozji /
Pozostałe elementy strefy tytułu i oznaczenia odpowiedzialności Tadeusz Hryniewicz, Krzysztof Rokosz.
246 31 - WARIANT TYTUŁU
Tytuł Elektrochemical noise as a tool for corrosion rate monitoring
500 ## - UWAGI OGÓLNE
Tekst uwagi Dane z autopsji.
520 ## - UWAGA DOTYCZĄCA TREŚCI DOKUMENTU
Analiza dokumentacyjna, adnotacja itp. W artykule autorzy podjęli próbę pokazania jak należy interpretować szum elektrochemiczny za pomocą zarówno statystyki jak i parametrów chropowatości.
650 #0 - HASŁO PRZEDMIOTOWE W FORMIE NAZWY OGÓLNEJ LUB JEDNOSTKOWEJ
Nazwa ogólna lub geograficzna Korozja i erozja.
650 #0 - HASŁO PRZEDMIOTOWE W FORMIE NAZWY OGÓLNEJ LUB JEDNOSTKOWEJ
Nazwa ogólna lub geograficzna Elektrochemia.
655 #0 - TERMIN INDEKSOWY - OKREŚLENIE RODZAJU/FORMY DOKUMENTU
Określnie rodzaju/formy dokumentu Materiały konferencyjne.
700 1# - HASŁO DODATKOWE - NAZWA OSOBOWA
Nazwa osobowa ROKOSZ, Krzysztof.
Lata pracy 2002 - .
Instytucja Politechnika Koszalińska - Wydział Mechaniczny,
Wydział Katedra Elektrotechniki i Elektrochemii
711 22 - HASŁO DODATKOWE - NAZWA IMPREZY
Nazwa imprezy Słupskie Forum Motoryzacji
Oznaczenie części/sekcji dzieła (8 ;
Data imprezy 2005 ;
Miejsce imprezy Słupsk, Polska).
773 0# - TYTUŁ DOKUMENTU MACIERZYSTEGO
Wyrażenie wprowadzające W :
Tytuł VIII Konferencja naukowo-techniczna nt. Współczesne technologie w motoryzacji a bezpieczeństwo ruchu drogowego : Słupsk 24.5.2005 / pod red. Leona Kukiełki. -
Adres wydawniczy Słupsk : Starostwo Powiatowe w Słupsku, 2005. -
Informacje dotyczące relacji s. 103-110
942 ## - HASŁO DODATKOWE - ELEMENTY(KOHA)
Typ dokumentu Rozdział
Schemat klasyfikacji Uniwersalna klasyfikacja dziesiętna
Egzemplarze
Wycofany Zagubiony Uszkodzony Dostępność Lokalizacja stała Lokalizacja bieżąca Sygnatura Typ dokumentu
      Dostępny Bibliografia Prac Pracowników - BPK Bibliografia Prac Pracowników - BPK 76403 Rozdział
© 2014 Biblioteka Politechniki Koszalińskiej :: BIBLIOGRAFIA PRAC PRACOWNIKÓW